History Quiz

Random History or Country Quiz
Score 0/50 Timer 06:00
5 Plays Today
% Correct
Elizabeth II
95.9%
Edward VIII
92.7%
Napoleon I
91.6%
Victoria
91.4%
George V
91.2%
Louis XIV
90.5%
Charles de Gaulle
89.1%
Nicholas II
86.2%
William IV
83.5%
Peter I
83.4%
Catherine II
82.8%
Ivan VI
82.7%
Genghis Khan
82.1%
Nero
81.5%
Charles X
81.3%
Marcus Aurelius
77.8%
Caligula
76.7%
Alexander III
75.6%
Constantine I
72.9%
Moctezuma II
70%
Hadrian
68.4%
Xerxes I
66.3%
Kublai
65.1%
Túpac Inca Yupanqui
64.5%
Suleiman I
62.4%
% Correct
Itzcoatl
62.1%
Albert Lebrun
59%
Darius I
57.9%
Artaxerxes I
57.1%
Ahuitzotl
56.6%
Cyrus II
54.5%
Cuauhtemoc
53.7%
Osman I
52.7%
Mehmed II
51.4%
Atahualpa
50.4%
Akbar
47.7%
Huayna Capac
44%
Möngke
43.5%
Abdülmecid II
42.9%
Babur
42.5%
Tizoc
41.4%
Jahangir
40.9%
Shah Jahan
40.7%
Pachacuti
37.6%
Güyük
37.2%
Bayezid II
35.4%
Ögedei
34%
Huáscar
29.2%
Cambyses II
28.9%
Humayun
27.3%
Remove Ads.
Support Sporcle.
Get the best of Sporcle when you Go Orange. This ad-free experience offers more features, more stats, and more fun while also helping to support Sporcle. Thank you for becoming a member.

You're not logged in!

Compare scores with friends on all Sporcle quizzes.
OR
Log In

Sporcle TV

Today on Sporcle TV


Watch our educational content, quiz creation guides, and fun videos on Sporcle TV.

Show Comments

Extras

Top Quizzes Today


Score Distribution

Paid Content

Your Account Isn't Verified!

In order to create a playlist on Sporcle, you need to verify the email address you used during registration. Go to your Sporcle Settings to finish the process.

Report this User

Report this user for behavior that violates our Community Guidelines.

Details: